Football - Logos des clubs européens à l'ancienne - Statistiques

Statistiques générales
  • Ce quiz a été pris 166 fois
  • Le résultat moyen est 21 sur 30
Statistiques - réponses
Par images Hint Réponse % Correct
1965-1969 SSC Naples
98%
1930-1986 SL Benfica
97%
1940-1960 Manchester United
96%
1930-1932 Arsenal FC
95%
1955-1966 FC Bayern Munich
95%
1931-1977 Juventus FC
93%
1905-1923 Galatasaray SK
92%
1908-1920 Real Madrid
90%
1936-1939 AC Milan
89%
1951-1957 Eintracht Francfort
89%
1992-1996 Paris Saint-Germain
89%
1935-1972 Olympique de Marseille
86%
1925-1965 Celtic Glasgow
84%
1950-1957 Olympique lyonnais
83%
1933-1945 Inter Milan
81%
1960-1971 Manchester City
81%
1972-1989 Dynamo Kiev
77%
1925-1959 Olympiakós
77%
1910-1922 FC Porto
76%
1911-1928 Ajax Amsterdam
69%
1892-1950 Liverpool FC
68%
1945-1950 Etoile Rouge de Belgrade
63%
1899-1910 FC Barcelone
54%
1933-1984 RSC Anderlecht
44%
1976-1978 Borussia Dortmund
43%
1912-1917 Atlético Madrid
37%
1905-1952 Chelsea FC
26%
1917-1933 PSV Eindhoven
11%
1946-1960 Shakhtar Donetsk
9%
1958-1974 Nottingham Forrest
8%
Aucun quiz correspondant
Distribution des résultats
% des personnes avec chaque résultat
Percentile par nombre de réponses
Votre historique - résultats
Vous n’avez pas pris ce quiz